Normal view
MARC view
- Computer Engineering MS-Phd-Thesis
Entry Topical Term
001 - CONTROL NUMBER
- control field: 31525
003 - CONTROL NUMBER IDENTIFIER
- control field: NUST
005 - DATE AND TIME OF LATEST TRANSACTION
- control field: 20201014124100.0
008 - FIXED-LENGTH DATA ELEMENTS
- fixed length control field: 201014|| aca||aabn | a|a d
040 ## - CATALOGING SOURCE
- Original cataloging agency: NUST
- Transcribing agency: NUST
150 ## - HEADING--TOPICAL TERM
- Topical term or geographic name entry element: Computer Engineering MS-Phd-Thesis
670 ## - SOURCE DATA FOUND
- Source citation: Work cat.: (NUST): Yamin, Muhammad Abubakar 31524, Automated System of HESS Screen for the Diagnosis of Paralytic Strabismus using Computer Aided Diagnosis /, 2013.
